Learning by discovery : a lab manual for calculus /
Guardado en:
| Otros Autores: | , , , , |
|---|---|
| Formato: | Libro |
| Idioma: | English |
| Publicado: |
[Washington, D.C.] :
Mathematical Association of America,
[c1993]
|
| Series: | Resources for calculus collection ;
v. 1 MAA notes ; v. 27 |
| Acceso en línea: | Publisher description Preface (pdf) |
| Etiquetas: |
Agregar Etiqueta
Sin Etiquetas, Sea el primero en etiquetar este registro!
|
| LEADER | 01977nam a22002775a 4500 | ||
|---|---|---|---|
| 001 | MAT.inmabb000001 | ||
| 008 | 930406s1993####dcua#####f####000#0#eng#d | ||
| 005 | 20130221105453.0 | ||
| 245 | 0 | 0 | |a Learning by discovery : |b a lab manual for calculus / |c Anita E. Solow, editor ; writing team, John B. Fink ... [et al.]. |
| 260 | |a [Washington, D.C.] : |b Mathematical Association of America, |c [c1993] | ||
| 300 | |a xiii, 165 p. : |b il. ; |c 28 cm. | ||
| 440 | 0 | |a Resources for calculus collection ; |v v. 1 | |
| 440 | 0 | |a MAA notes ; |v v. 27 | |
| 505 | 0 | |a 1. Graphing functions -- 2. Introduction to limits of functions -- 3. Zooming in -- 4. Discovering the derivative -- 5. Investigating the intermediate value theorem -- 6. Relationship between a function and its derivative -- 7. Linking up with the chain rule -- 8. Sensitivity analysis -- 9. Newton's method -- 10. Indeterminate limits and l'Hôpital's Rule -- 11. Riemann sums and the definite integral -- 12. Area functions -- 13. Average value of a function -- 14. Arc length -- 15. A mystery function -- 16. Exploring exponentials -- 17. Patterns of integrals -- 18. Numerical integration -- 19. Becoming secure with sequences -- 20. Getting serious about series -- 21. Limit comparison test -- 22. Approximate functions by polynomials -- 23. Radius of convergence for power series -- 24. Polar equations -- 25. Differential equations and Euler's method -- 26. Shapes of surfaces -- Syllabi for calculus I and II. | |
| 020 | |a 0883850834 | ||
| 700 | 1 | |a Solow, Anita E. |4 edt | |
| 700 | 1 | |a Fink, John B. | |
| 700 | 1 | |a Gold, Bonnie | |
| 700 | 1 | |a Messer, Robert A. | |
| 700 | 1 | |a Packel, Edward W. | |
| 084 | |a 26-01 |2 msc2000 |9 2000 | ||
| 084 | |a 26Axx |2 msc2000 |9 2000 | ||
| 010 | |a 92062279 | ||
| 856 | 4 | 2 | |3 Publisher description |u http://www.loc.gov/catdir/description/cam025/92062279.html |
| 856 | 4 | 1 | |u http://202.38.126.65/mirror/www.maa.org/pubs/books/nte27%5Fpreface.pdf |y Preface (pdf) |
| 859 | |h 26 |i R434 |p A-7901 |v 1 |b BIB. MATEMATICA | ||
